000
00290nam a22001217a 4500
020
_a
0-07-100579-X
082
_a
658.5 MON
100
_a
MONKS, JOSEPH G.
_9
65258
245
_a
OPERATIONS MANAGMENT , THEORY AND PROBLEMS
250
_a
3RD
260
_a
USA
_b
MCGRAW HILL
_c
1987
942
_c
BK
999
_c
573527
_d
573527